La Provincia de Ávalos (Record no. 142357)
[ view plain ]
| 000 -LEADER | |
|---|---|
| fixed length control field | 00595cam a2200169 4500 |
| 005 - DATE AND TIME OF LATEST TRANSACTION | |
| control field | 20180907152540.0 |
| 008 - FIXED-LENGTH DATA ELEMENTS--GENERAL INFORMATION | |
| fixed length control field | 090211s1998 mx a 000 0 spa u |
| 020 ## - INTERNATIONAL STANDARD BOOK NUMBER | |
| International Standard Book Number | 9706241876 |
| 050 04 - LIBRARY OF CONGRESS CALL NUMBER | |
| Classification number | F1391.G9 |
| Item number | M85 1998 |
| 100 1# - MAIN ENTRY--PERSONAL NAME | |
| Personal name | Munguía Cárdenas, Federico. |
| 245 13 - TITLE STATEMENT | |
| Title | La Provincia de Ávalos |
| Statement of responsibility, etc | / Federico Munguía Cárdenas |
| 250 ## - EDITION STATEMENT | |
| Edition statement | 3a ed. |
| 260 ## - PUBLICATION, DISTRIBUTION, ETC. (IMPRINT) | |
| Place of publication, distribution, etc | Guadalajara, Jal. [México] : |
| Name of publisher, distributor, etc | Gobierno de Jalisco, Secretaría de Cultura, |
| Date of publication, distribution, etc | 1998. |
| 300 ## - PHYSICAL DESCRIPTION | |
| Extent | 473 p.: |
| Other physical details | il.; |
| Dimensions | 28cm. |
| 504 ## - BIBLIOGRAPHY, ETC. NOTE | |
| Bibliography, etc | Incluye índice |
| 650 #7 - SUBJECT ADDED ENTRY--TOPICAL TERM | |
| Source of heading or term | LEMB |
| Topical term or geographic name as entry element | Guadalajra, Jalisco |
| General subdivision | Historia |
| Geographic subdivision | México |
| 651 #7 - SUBJECT ADDED ENTRY--GEOGRAPHIC NAME | |
| Source of heading or term | LEMB |
| Geographic name | Sayula (Jalisco) |
| General subdivision | Historia |
| Geographic subdivision | México |
| 710 2# - ADDED ENTRY--CORPORATE NAME | |
| Corporate name or jurisdiction name as entry element | Guadalajara, Jalisco, México : |
| Subordinate unit | Secretaría de Cultura |
| 942 ## - ADDED ENTRY ELEMENTS (KOHA) | |
| Source of classification or shelving scheme | Biblioteca del Cogreso de los Estados Unidos |
| Koha item type | Libro |
| Estado de pérdida | Fuente de clasificación | Estado del daño | No para préstamo | Ubicación permanente | Ubicación actual | Apartado o colección | Fecha de adquisición | Edición | Dependencia de educación superior (DES) | Área del conocimiento | Clasificación | Código de Barras | Date last seen | Número de copia | Tipo de recurso | Nota pública |
|---|---|---|---|---|---|---|---|---|---|---|---|---|---|---|---|---|
| Biblioteca del Cogreso de los Estados Unidos | Biblioteca del Instituto de Investigaciones Históricas | Biblioteca del Instituto de Investigaciones Históricas | General | 04/07/2018 | 3a ed. | Humanidades | Ciencias Sociales y Administrativas | F1391.G9 M85 1998 | IIH000020852 | 04/07/2018 | C:1 | Libro | GENERAL |